| 000 | 00512nam a2200181Ia 4500 | ||
|---|---|---|---|
| 999 |
_c3492 _d3492 |
||
| 003 | OSt | ||
| 005 | 20200820123605.0 | ||
| 008 | 190216s9999||||xx |||||||||||||| ||und|| | ||
| 020 | _a9788176259330 | ||
| 040 | _coclc | ||
| 082 |
_a541.35 _bHAM/I |
||
| 100 |
_aHammer, Fmiza _94145 |
||
| 245 | 0 |
_aInorganic Photochemistry / _cFmiza Hammer |
|
| 260 |
_bSarup Book Publishers, _c2009. _aNew Delhi: |
||
| 300 | _a122p | ||
| 650 | _aChemistry | ||
| 942 |
_cBK _2ddc _h541.35 _iHAM/I _k541.35 _mHAM/I |
||